Krisis dalam pendidikan Islam

Bibliographic Details
Main Author: Husain, S.S
Other Authors: Maso'od Abdul Rashid
Format: Book
Published: Kuala Lumpur : DBP , 1989
Subjects:

MARC

LEADER 00000cam a2200000 7i4500
001 0000005286
002 000005710
005 20000330.0
020 |a 9836210687 
090 0 0 |a 297.7   |b HUS 
100 1 |a Husain, S.S 
245 1 0 |a Krisis dalam pendidikan Islam   |c S.S.Husain dan S.A. Ashraf ; penterjemah oleh Maso'od Abdul Rashid 
260 |a Kuala Lumpur :   |b DBP ,   |c 1989 
300 |a 162p. ;   |c 22cm. 
650 0 0 |a Islamic education   |x Crisis 
700 0 |a Maso'od Abdul Rashid 
999 |a 033508   |b BUKU   |c PINJAMAN   |e PERPUSTAKAAN KOMUNITI PETALING JAYA